Missing Word: Tom Cruise and Co. Quiz Stats

Quiz Updated May 9, 2016

Challenge
Share
Tweet
Embed
Score 0/24 Timer 04:00
0 Plays Today
Hint Answer % Correct
Nicole KidmanRouge
96.7%
Nicole KidmanWide
96.2%
Katie HolmesAfraid
94.3%
Tom CruiseRight
92.6%
Tom CruiseAges
90.9%
Tom CruiseRisky
89.4%
Penélope CruzVanilla
88.6%
Katie HolmesJill
82.6%
Tom CruiseFar
81.6%
Katie HolmesBatman
79.6%
Nicole KidmanDays
79.2%
Tom CruiseColor
75.5%
Hint Answer % Correct
Nicole KidmanMountain
68.5%
Nicole KidmanMagic
62.2%
Katie HolmesPhone
62.1%
Penélope CruzBarcelona
59.9%
Nicole KidmanForever
55.3%
Penélope CruzStranger
53.2%
Katie HolmesSmoking
53.1%
Penélope CruzCaptain
51%
Tom CruiseLambs
37.2%
Katie HolmesIce
21.2%
Penélope CruzRome
12.9%
Penélope CruzEmbraces
5.1%

Today's Daily Dose

You're not logged in!

Compare scores with friends on all Sporcle quizzes.
Sign Up with Email
OR
Log In

You Might Also Like...

Show Comments

Extras

Top Quizzes Today


Score Distribution

Your Account Isn't Verified!

In order to create a playlist on Sporcle, you need to verify the email address you used during registration. Go to your Sporcle Settings to finish the process.